000 00529nam a2200181Ia 4500
003 LK-CoDNM
008 010623t1926 xxu||||| |||| 00| 1 sin d
040 _aLK-CoDNM
_dLK-CoDNM
_eLK-CoDNM
041 _asin
080 _a104 D.9
100 _aRaajapaksha,D.J
_eed.
245 _aමෝටර් සූත්‍රාර්ථ සංග්‍ර‍හව
246 _aMotor Suutraartha Sangrahawa
260 _bViyaalankaara
_aColombo
_c1926
300 _b36p., iill, 21 cm
650 _aAutomobile Enginnearing
942 _cBK
999 _c93590
_d93590